Vista normal
Vista MARC
Entrada Nombre personal
Número de registros utilizados en: 1
001 - NÚMERO DE CONTROL
- Campo de control: 47488
003 - IDENTIFICADOR DE NÚMERO DE CONTROL
- Campo de control: OSt
005 - FECHA Y HORA DE LA ULTIMA MODIFICACION
- Campo de control: 20230622220435.0
008 - ELEMENTOS DE DATOS DE LONGITUD FIJA
- Campo de longitud fija: 230622|| aca||aabn | a|a d
040 ## - FUENTE DE LA CATALOGACIÓN
- Agencia original de catalogación: OSt
100 1# - ENCABEZAMIENTO--NOMBRE DE PERSONA
- Nombre personal: Andino Mendoza, Irving Esaú
670 ## - FUENTE DE DATOS ENCONTRADOS
- Fuente de citación: Pasantía, Departamento de Talleres Vocacionales, Alcaldía Municipal de Santa Ana.-
670 ## - FUENTE DE DATOS ENCONTRADOS
- Fuente de citación: BMC.- 22-06-2023